• 首页
  • 本馆介绍
  • 公告通知
  • 最新文献
  • 馆藏检索
  • 电子资源
  • 读者导购
  • 参考咨询
  • 我的图书馆
  • 登录
  • 期刊详细显示
  • 现刊情况显示
  • 合订本情况显示
  • 篇目信息显示

期刊信息

  • 表格格式
  • 工作单格式
  • 卡片格式
索取号 
D92/FLYSH
题名 
法律与生活
作者 
法律与生活编辑部
分册号 
分册名 
出版地 
北京
出版者 
法律与生活编辑部
标准刊号 
1002-7173
出版频率 
月刊
中图法分类 
D92
主题词 
法律 中国
电子资源 
000 00598nas0 2200217 45
001 0552754062
005 20070505090632.78
010    @d5
011    @a1002-7173@dCNY5.00(2005)
091    @aCN11-1336/D
092    @b2-880
100    @a20051129d km y0chiy0120 ea
101 0  @achi
200 1  @a法律与生活@AFa Lu Yu Sheng Huo@f法律与生活编辑部@FFa Lu Yu Sheng Huo Bian Ji Bu
210    @a北京@c法律与生活编辑部
326    @a月刊
606 0  @a法律@x中国
690    @aD92@v4
711  0 @a法律与生活编辑部@AFa Lu Yu Sheng Huo Bian Ji Bu
801  0 @aCN@bPFT@c20070505
905    @aTJWY@dD92@eFLYSH
    
    法律与生活/法律与生活编辑部.-北京:法律与生活编辑部
    
    
    
    5 ISSN 1002-7173:CNY5.00(2005)
    
●
相关链接: 在易读查询期刊 在中国知网中查询期刊 在万方数据查询期刊 在维普查询期刊
唐山师范学院图书馆 欢迎您!
大连网信软件有限公司© 版权所有